000
00283nam a2200121Ia 4500
008
190216s9999||||xx |||||||||||||| ||und||
100
_a
Null
245
0
_a
Solved Papers
260
_b
The Bank Men Faculty Council
_c
1978
300
_a
54
650
_a
General Libraries
942
_c
REF
999
_c
35882
_d
35882